| 000 | 00000nam##2200000za#4500 |
| 001 | 9.661651 |
| 003 | CaOODSP |
| 005 | 20210927150351 |
| 007 | ta |
| 008 | 150407|2000||||xxc||||| f|0| 0 eng|d |
| 020 | |a0-662-64758-0 |
| 040 | |aCaOODSP|beng |
| 041 | |aeng |
| 041 | |afre |
| 043 | |an-cn--- |
| 086 | 1 |aR32-179/2000 |
| 110 | 1 |aCanada. |bIndian and Northern Affairs Canada. |
| 245 | 10|aNational Aboriginal Day, June 21: share in the celebration |
| 260 | |aOttawa - Ontario : |bIndian and Northern Affairs |c2000. |
| 563 | |aPamphlet |
| 590 | |a00-25|b2000-06-23 |
| 690 | 07|aIndigenous peoples|2gcpds |
| 690 | 07|aCommemoration|2gcpds |
| 776 | 0#|tJournée nationale des Autochtones, le 21 juin-- : |w(CaOODSP)9.640426 |
| 776 | 0#|tNational Aboriginal Day, June 21-- : |w(CaOODSP)9.696308 |
| 792 | |tJournée nationale des Autochtones: le 21 juin: soyez de la fête! |efre|w(CaOODSP)9.661652 |
| 986 | |aQS-6142-000-BB-A1 |